[Event "Mumbai Wealth rating op 4th"]
[Site "Mumbai"]
[Date "2019.01.04"]
[Round "6"]
[White "Pawar, Harshit"]
[Black "Iyer, Vivek"]
[Result "1-0"]
[WhiteElo "1671"]
[BlackElo "1379"]
[PlyCount "71"]
[EventDate "2018.12.30"]
[EventType "swiss"]
[EventRounds "9"]
[EventCountry "IND"]
[SourceTitle "CBM 188 Extra"]
[Source "ChessBase"]
[SourceDate "2019.02.28"]
[SourceVersion "1"]
[SourceVersionDate "2019.02.28"]
[SourceQuality "1"]

1. e4 e6 2. Nf3 d5 3. e5 c5 4. b4 cxb4 5. d4 Nc6 6. a3 Bd7 7. axb4 Bxb4+ 8. c3 Be7 9. Bd3 f5 10. 0-0 g5 11. Nxg5 Bxg5 12. Qh5+ Kf8 13. Bxg5 Qe8 14. Qd1 Qg6 15. Bc1 Nge7 16. Be2 h5 17. h4 Nd8 18. g3 Nf7 19. Na3 a6 20. Nc2 Kg7 21. Ne1 Rac8 22. Ra3 Qh7 23. Nd3 Be8 24. Nc5 Nd8 25. Bg5 Kf8 26. Qb3 Nec6 27. Rb1 Rc7 28. Qb6 Rg8 29. Bxd8 Nxd8 30. Nxe6+ Nxe6 31. Qxe6 Qf7 32. Qh6+ Rg7 33. Rb6 Kg8 34. Rf6 Rg6 35. Rxf7 Rxh6 36. Rxc7 1-0